Valtiot joissa Simpsonit ovat käyneet - Statistics

Yleistilastot
  • Tätä visaa on pelattu 90 kertaa
  • Keskiarvotulos 17 / 26
Vastaustilastot
Hint Valtio % Oikein
Amerikka Kanada
90%
Aasia Kiina
90%
Eurooppa Ruotsi
90%
Oseania Australia
87%
Eurooppa Ranska
85%
Aasia Japani
84%
Eurooppa Saksa
84%
Amerikka Meksiko
82%
Eurooppa Italia
81%
Eurooppa Yhdistynyt Kuningaskunta
81%
Amerikka Brasilia
78%
Amerikka Yhdysvallat
75%
Aasia Intia
70%
Eurooppa Alankomaat
67%
Eurooppa Islanti
64%
Eurooppa Belgia
61%
Eurooppa Irlanti
61%
Eurooppa Tanska
60%
Amerikka Kuuba
55%
Aasia Etelä-Korea
52%
Aasia Israel
45%
Afrikka Marokko
43%
Amerikka Peru
39%
Afrikka Tansania
27%
Amerikka Costa Rica
21%
Oseania Mikronesia
18%
Ehtoja vastaavia visoja ei löytynyt
Tulosjakauma
Jokaisen tuloksen saaneiden osuus
Persentiili vastausten määrän mukaan
Tuloshistoriasi
Et ole pelannut tätä visaa